00533 2200205 4500001002100000005001700021008004100038035002400079082001100103090002100114100002400135245004400159260003700203300001800240650002100258850001200279980001500291985000600306999001500312YOGYA-0209000005104120090227032613.0 ind  0010-020900000051041 a795.41 a795.41bWer LlT aWerf, B.A.C Van Der aHet Lilliput-SystemcB.A.C Van Der Werf aDen HaagbUitgerery Albanic1949 a36 hlmc19 cm aPermainan bridge aYOPDYOG a14-11-2007 a1 ab000046966